| 000 | 00440nam a22001697a 4500 | ||
|---|---|---|---|
| 005 | 20231116141520.0 | ||
| 008 | 231116b |||||||| |||| 00| 0 eng d | ||
| 020 | _a9781558609327 | ||
| 041 | _aeng | ||
| 082 | _a006.32 BRA-K | ||
| 100 |
_aBRACHMAN RONALD J AND LEVESQUE HECTOR J _98240 |
||
| 245 | _aKNOWLEDGE REPRESENTATION AND REASONING | ||
| 260 |
_aAMSTERDAM _bELSEVIER _c2023 |
||
| 300 | _a381 | ||
| 650 |
_aCSIT _98241 |
||
| 942 | _cBK | ||
| 999 |
_c8466 _d8464 |
||